Detalles MARC
| 000 -CABECERA |
| campo de control de longitud fija |
00868nam a2200229 a 4500 |
| 001 - NÚMERO DE CONTROL |
| campo de control |
000021359 |
| 005 - FECHA Y HORA DE LA ÚLTIMA TRANSACCIÓN |
| campo de control |
20200930011316.0 |
| 008 - DATOS DE LONGITUD FIJA--INFORMACIÓN GENERAL |
| campo de control de longitud fija |
100906s1968 ck r 000 0 spa d |
| 040 ## - FUENTE DE LA CATALOGACIÓN |
| Centro catalogador/agencia de origen |
DO-SdBNP |
| Lengua de catalogación |
spa |
| Centro/agencia transcriptor |
BNPHU |
| 041 17 - CÓDIGO DE LENGUA |
| Código de lengua del texto/banda sonora o título independiente |
spa |
| Código de lengua original |
ita |
| Fuente del código |
Código de idioma MARC |
| 082 ## - NÚMERO DE LA CLASIFICACIÓN DECIMAL DEWEY |
| Número de clasificación |
nnnn |
| Número de documento/Ítem |
G338r |
| 049 ## - FONDOS LOCALES (OCLC) |
| Fondos de biblioteca |
BNGR |
| 100 1# - ENTRADA PRINCIPAL--NOMBRE DE PERSONA |
| Nombre de persona |
Gentiloni Silveri, Filippo, |
| 9 (RLIN) |
44593 |
| 240 13 - TÍTULO UNIFORME |
| Título uniforme |
Le ragioni dei figli. |
| Lenguaje de la obra |
Español. |
| 245 14 - MENCIÓN DE TÍTULO |
| Título |
Las razones de los hijos : |
| Resto del título |
del autoritarismo al diálogo / |
| Mención de responsabilidad, etc. |
Filippo Gentiloni Silveri ; traducción de Alfonso Rodríguez M. |
| 260 ## - PUBLICACIÓN, DISTRIBUCIÓN, ETC. |
| Lugar de publicación, distribución, etc. |
Bogotá, Colombia : |
| Nombre del editor, distribuidor, etc. |
Paulinas, |
| Fecha de publicación, distribución, etc. |
1968. |
| 300 ## - DESCRIPCIÓN FÍSICA |
| Extensión |
62, [1] p. ; |
| Dimensiones |
17 cm. |
| 490 1# - MENCIÓN DE SERIE |
| Mención de serie |
Biblioteca de familia 2a serie |
| Designación de volumen o secuencia |
E-52 |
| 534 ## - NOTA SOBRE LA VERSIÓN ORIGINAL |
| Frase introductoria |
Título original en italiano: |
| Mención de título del original |
Le ragioni dei figli. |
| Publicación, distribución, etc. del original |
Roma |
| 700 1# - PUNTO DE ACCESO ADICIONAL--NOMBRE DE PERSONA |
| Nombre de persona |
Rodríguez M., Alfonso, |
| Título de la obra |
r. |
| 9 (RLIN) |
44594 |
| 830 #0 - PUNTO DE ACCESO ADICIONAL DE SERIE-TÍTULO UNIFORME |
| Título uniforme |
Biblioteca de familia 2a serie ; |
| Designación de volumen o secuencia |
E-52 |
| 9 (RLIN) |
44595 |